Clinical applications of pathophysiology: assessment, diagnostic reasoning, and management. / (Record no. 7247)

MARC details
000 -LEADER
fixed length control field 00746nam a22001577a 4500
008 - FIXED-LENGTH DATA ELEMENTS--GENERAL INFORMATION
fixed length control field 151001b xxu||||| |||| 00| 0 eng d
020 ## - INTERNATIONAL STANDARD BOOK NUMBER
International Standard Book Number 0323001491
050 ## - LIBRARY OF CONGRESS CALL NUMBER
Classification number RB113.B82
100 ## - MAIN ENTRY--PERSONAL NAME
Personal name Brashers, Valentina L.
245 ## - TITLE STATEMENT
Title Clinical applications of pathophysiology: assessment, diagnostic reasoning, and management. /
Statement of responsibility, etc. Valentina L. Brashers
260 ## - PUBLICATION, DISTRIBUTION, ETC.
Place of publication, distribution, etc. New York:
Name of publisher, distributor, etc. Mosby,
Date of publication, distribution, etc. 1998.
300 ## - PHYSICAL DESCRIPTION
Extent ix,436 p.:
Other physical details ill;
Dimensions 22cm.
505 ## - FORMATTED CONTENTS NOTE
Formatted contents note Contents: The cardiovascular system -- The pulmonary system -- Cancer -- The endocrine system -- The hematologic system -- The renal system -- The digestive system -- The neurological system -- The musculoskeletal system -- The reproductive system --
650 ## - SUBJECT ADDED ENTRY--TOPICAL TERM
Topical term or geographic name entry element Physiology, Pathological
942 ## - ADDED ENTRY ELEMENTS (KOHA)
Source of classification or shelving scheme Library of Congress Classification
Koha item type Books
Holdings
Withdrawn status Lost status Source of classification or shelving scheme Damaged status Not for loan Home library Current library Shelving location Date acquired Full call number Barcode Date last seen Price effective from Koha item type
    Library of Congress Classification     WISCONSIN INTERNATIONAL UNIVERSITY COLLEGE, GHANA KUMASI LIBRARY WISCONSIN INTERNATIONAL UNIVERSITY COLLEGE, GHANA KUMASI LIBRARY nursing 01/07/2019 RB113.B82 KSN/231/19 14/05/2020 14/05/2020 Books

If you have any concerns or questions; kindly contact the library


© Powered by WIUC ICT DIRECTORATE